000 00966 a2200229 4500
003 MN-UlNLM
005 20230413143410.0
008 a130s1978 mp ||||| |||| 00|mon d
040 _aMN-UlNLM
041 _amon
084 _a89Орос
_210-t
_bА 132.5
_q84
245 0 0 _aАбверийн тагнуул
_bТуужууд
_cОрч. Д. Базарваань
_cРед. А. Бямбаноров
250 _a1
260 1 _c1978
_aМ
_bПрогресс
300 _a624 хуудастай
546 _aMongolia
653 _aУран зохиол
740 _aВ.Владимиров, Л.Суслов. Абверийн тагнуул.
_aА.Зубов, Л.Леров, А.Сергеев. Чекистүүдэд тохиолдсон явдал.
_aТавин мөрийн нууц.
_a"ДОБ-1- ийн хэрэг"
_aА.Вайнер, В.Вайнер. Орчлон хорвоод амьд явахын учир.
856 _aprintbook
942 _cBK
999 _c52646
_d52646